000 00488nam a22001697a 4500
005 20251108174803.0
008 250721s2006 xx 000 0 ara d
082 1 4 _a338.18/زعب
100 1 _aالزعبي، عاكف
245 1 0 _aمبادئ التسويق الزراعي /
264 1 _aعمان :
_bدار الحامد،
_c2006.
300 _a261ص.
650 1 7 _aتسويق المنتجات الزراعية
650 1 7 _aالتسويق
942 _2ddc
_cBK
999 _c118021
_d118021